TB. OF MEDICAL BIOCHEMISTRY (Record no. 18765)

MARC details
000 -LEADER
fixed length control field 00351nam a22001577a 4500
003 - CONTROL NUMBER IDENTIFIER
control field SGT
020 ## - INTERNATIONAL STANDARD BOOK NUMBER
International Standard Book Number 978-81-312-4916-1
082 ## - DEWEY DECIMAL CLASSIFICATION NUMBER
Classification number 612.015
Item number M19P
100 ## - MAIN ENTRY--PERSONAL NAME
Personal name PURI, DINESH
245 ## - TITLE STATEMENT
Title TB. OF MEDICAL BIOCHEMISTRY
250 ## - EDITION STATEMENT
Edition statement 4TH
260 ## - PUBLICATION, DISTRIBUTION, ETC. (IMPRINT)
Place of publication, distribution, etc INDIA
Name of publisher, distributor, etc ELSEVIER PUB
Year of Publication 2019
300 ## - PAGE DESCRIPTION
No. of Pages 682
650 ## - SUBJECT ADDED ENTRY--TOPICAL TERM
Topical term or geographic name as entry element BIOCHEMISTRY
942 ## - ADDED ENTRY ELEMENTS (KOHA)
Source of classification or shelving scheme Dewey Decimal Classification
Koha item type Books
942 ## - ADDED ENTRY ELEMENTS (KOHA)
-- 24
Holdings
Withdrawn status Lost status Source of classification or shelving scheme Damaged status Not for loan Collection code Home library Current library Shelving location Date acquired Vendor Name Cost, normal purchase price SGTU Bill Number Total Checkouts Full call number Accession No. (Barcode) Date last seen Date last borrowed Bill Date Koha item type
    Dewey Decimal Classification     MEDICAL SGT Medical Library SGT Medical Library Text Book 05/08/2019 ABC DELHI 1215.00 SGTU 11141 9 612.015 M19P FM11746 28/05/2024 28/05/2024 03/07/2019 Books
    Dewey Decimal Classification     MEDICAL SGT Medical Library SGT Medical Library Text Book 05/08/2019 ABC DELHI 1215.00 SGTU 11141 4 612.015 M19P FM11747 27/05/2021 15/04/2021 03/07/2019 Books
    Dewey Decimal Classification     MEDICAL SGT Medical Library SGT Medical Library Text Book 05/08/2019 ABC DELHI 1215.00 SGTU 11141 8 612.015 M19P FM11748 07/06/2024 07/06/2024 03/07/2019 Books
    Dewey Decimal Classification     MEDICAL SGT Medical Library SGT Medical Library Text Book 05/08/2019 ABC DELHI 1215.00 SGTU 11141 13 612.015 M19P FM11749 13/06/2024 13/06/2024 03/07/2019 Books
    Dewey Decimal Classification     MEDICAL SGT Medical Library SGT Medical Library Text Book 05/08/2019 ABC DELHI 1215.00 SGTU 11141   612.015 M19P FM11750 05/08/2019   03/07/2019 Books